01179nam a2200193Ia 4500001001100000003001000011008004100021040002500062041001300087100002400100245008600124250001100210260008200221300001200303500026000315501011400575520026000689650003600949L200-53817IT-CnALBA170116s9999||||xx |||||||||||||| ||und|| aIT-CnALBAcIT-CnALBA aITALIANO aDANIEL-ANGE, FRERE. 0aLA FEDE DEI PICCOLI, UNA RISPOSTA AI TEOLOGI. UN CATECHISMO VISSUTO DAI BAMBINI.  a1a ed. a ROMAbCITTÀ NUOVA EDITRICE c1985 [1° Ed.:1985 - Ed.Ling.Originale: 1985] a280 p.  aTRADUZIONE DAL FRANCESE. PREPARAZIONE DI Y. CONGAR. CREDO IN DIO PADRE. CREATORE DEL MONDO VISIBILE E INVISIBILE. CONCEPITO PER OPERA DELLO SPIRITO SANTO. NATO DA MARIA. FATTO UOMO. LUCE DA LUCE. DIO VERO DA DIO VERO. PILATO. TRAFITTURA DEL COSTATO. SALIT aSocietà San Paolo EM - Piazza San Paolo, 14 - 12051 ALBA (CN) (non commercial uses only) ® Copyright 2017 aTRADUZIONE DAL FRANCESE. PREPARAZIONE DI Y. CONGAR. CREDO IN DIO PADRE. CREATORE DEL MONDO VISIBILE E INVISIBILE. CONCEPITO PER OPERA DELLO SPIRITO SANTO. NATO DA MARIA. FATTO UOMO. LUCE DA LUCE. DIO VERO DA DIO VERO. PILATO. TRAFITTURA DEL COSTATO. SALIT aRELIGIONE - RELIGIONE CRISTIANA